| 000 | 00666nam a22002057a 4500 | ||
|---|---|---|---|
| 999 |
_c11061 _d11061 |
||
| 003 | AR-CdUCM | ||
| 008 | 190402b ||||| |||| 00| 0 spa d | ||
| 040 |
_aMUNICIPALIDAD PROVINCIAL DEL CUSCO _cBIBLIOTECA MUNICIPAL DEL CUSCO |
||
| 082 |
_aES / 373.460 / _bG26 |
||
| 100 |
_aGarcia, Sixto _928193 |
||
| 245 |
_aLenguaje y literatura : _bPrimer grado de educación secundaria / |
||
| 260 |
_aLima : _bEditorial Stella. |
||
| 300 |
_a192 páginas ; _bFotografía, _c20 cm. |
||
| 505 | _aContenido: Lenguaje y literatura. | ||
| 650 |
_aEducación secundaria _94648 |
||
| 650 |
_aPrimer grado _927143 |
||
| 650 |
_aPerú _935 |
||
| 942 |
_2ddc _cLIBROS |
||
| 945 | _adavv | ||